000 00599nam a2200229Ia 4500
003 OSt
005 20220923230009.0
006 a|||||r|||| 00| 0
007 ta
008 Pun
024 _a276,680
037 _cTextual
040 _aARTS
_cARTS
_bPun
041 _2Pun
_aPun
082 _aO153,3M97,SR, K2;K5
100 _aਸਿੰਘ, ਨਾਨਕ
245 0 _aਸਰਾਪੀਆਂ ਰੂਹਾਂ
260 _c1962
650 _aਪੰਜਾਬੀ ਸਾਹਿਤ
942 _hO153,3M97,SR, K2;K5
_cTEXL
_2CC
999 _c381842
_d381842